004610000a220009700045001000020000002450031000203000036000515200230000876500018003177730028003351 aPaniagua, Pedro10aLas ciudades están vivas aVol.12, no.145 (2000), p. 43-51 aNo hay nada tan vivo como una ciudad: personas, trafico vehicular... todo se mezcla y bulle en un ir y venir constante. Las propias urbes se desarrollan como una célula base y se modifican del mismo modo que sus habitantes.14aVIDA NOCTURNA0 tRevista muy interesante